1337 1224 1572 1505 1420 1704 1632 1157 1359 1491 1021 1144 1919 1698 1824 1678 1565 1410 1482 1860 1543 1496 1094 1940 1800 1093 1464 1906 1641 1260 1863 1625 1841 1564 1952 1224 1988 1670 1374 1537 1039 1995 1868 1887 1504 1974 1085 1795 1634 1248 1783 1080 1192 1853 1360 1739 1019 1903 1633 1396 1937 1504 1969 1947 1658 1188 1667 1210 1020 1424 1451 1781 1897 1357 1473 1667 1122 1430 1470 1694 1572 1568 1151 1097 1840 1553 1685 1761 1016 1110 1872 1899 1948 1085 1706 1546 1662 1516 1891 BCNSPRNW ULIB Ver.6.0+V

เปลี่ยนเป็นภาษาไทย

Change to English
 แสดงรายละเอียดบรรณานุกรม
  กลับหน้าหลัก

Brief Record : Get Marc (ISO 2709) : E-mail record : QR code < ปิดหน้าต่าง
LEADER : 00000nam 2200000uu 4500
001    13399127471
003     ULIB
008    200604s2016||||th 000 0 tha d
020    ^a9781506256405 (pbk.)
050  4 ^aPE1128^bL887Bs
100 1  ^aLougheed, Lin,^d1946-
245 10 ^aBarron s IELTS :^bstrategies and tips /^cLin Lougheed
246 30 ^aInternational English Language Testing System strategiesand tips
246 30 ^aIELTS strategies and tips
250    ^a2nd ed.
260    ^aHauppauge, N.Y. :^bBarron s Educational Series,^c2016
300    ^av, 285 p. :^bill. ;^c28 cm. +^e1 CD-ROM
505 0  ^aIELTS listening module -- IELTS reading module -- IELTSwriting module -- IELTS speaking module.
520    ^aThis book offers test-takers a range of strategies forchoosing the best methods for answering questions, alongwith useful tips that help them make choices quickly andefficiently. Together, these tips and strategies will giveprospective test-takers a plan for success on each moduleof the exam.
650  0 ^aInternational English Language Testing System^vStudyguides
650  0 ^aEnglish language^vTextbooks for foreign speakers
650  0 ^aEnglish language^xExaminations^vStudy guides
653    ^aIELTS
945    ^p0^l0^i28377
999    ^aกัณชพร จุลอักษร
รายการนี้ยังไม่มีแท็ก
คุณยังไม่ได้ล็อกอิน คุณสามารถมีกิจกรรมร่วมกับเว็บไซต์ได้ แต่ต้องล็อกอินก่อน ::
  ล็อกอิน

รายการสื่อสารสนเทศ

ลำดับที่ ประเภท เลขเรียก/บาร์โค้ด สถานที่ สถานะ
1. วิทยาศาสตร์การแพทย์ และสุขภาพ
วิทยาศาสตร์การแพทย์ และสุขภาพ
PE1128 L887Bs ฉ.1 
  Barcode: 28377
ห้องสมุดวิทยาเขตนครสวรรค์
►หนังสือทั่วไป:l:General Books
บนชั้น

BibComment


ยังไม่เคยถูกคอมเมนท์

คอมเมนท์ทรัพยากรรายการนี้
  คอมเมนท์: Barron s IELTS ..


 Copyright 2026. Bcnsprnw @Library